<?xml version="1.0" encoding="UTF-8"?>
<record
    xmlns:xsi="http://www.w3.org/2001/XMLSchema-instance"
    xsi:schemaLocation="http://www.loc.gov/MARC21/slim http://www.loc.gov/standards/marcxml/schema/MARC21slim.xsd"
    xmlns="http://www.loc.gov/MARC21/slim">

  <leader>00877nam a22002297a 4500</leader>
  <controlfield tag="005">20240530110526.0</controlfield>
  <controlfield tag="008">160303s2013    ua     g      000 0 ara d</controlfield>
  <datafield tag="020" ind1=" " ind2=" ">
    <subfield code="a">9789773771510</subfield>
  </datafield>
  <datafield tag="040" ind1=" " ind2=" ">
    <subfield code="a">EG-CaGPL</subfield>
  </datafield>
  <datafield tag="082" ind1="0" ind2="4">
    <subfield code="2">21</subfield>
    <subfield code="a">658.4092\</subfield>
    <subfield code="b">&#x62C; &#x625;</subfield>
  </datafield>
  <datafield tag="100" ind1="1" ind2=" ">
    <subfield code="a">&#x62C;&#x648;&#x628;&#x64A;&#x648; &#x60C; &#x627;&#x64A;&#x645;&#x627;&#x646;&#x64A;&#x648;&#x64A;&#x644; </subfield>
  </datafield>
  <datafield tag="245" ind1="1" ind2="0">
    <subfield code="a">&#x627;&#x639;&#x627;&#x62F;&#x629; &#x627;&#x62E;&#x62A;&#x631;&#x627;&#x639; &#x627;&#x644;&#x642;&#x64A;&#x627;&#x62F;&#x629; &#x641;&#x649; &#x639;&#x635;&#x631; &#x627;&#x644;&#x62A;&#x639;&#x627;&#x648;&#x646; &#x627;&#x644;&#x62C;&#x645;&#x627;&#x639;&#x649; &#x627;&#x644;&#x648;&#x627;&#x633;&#x639; &#x627;&#x644;&#x646;&#x637;&#x627;&#x642; /</subfield>
    <subfield code="c">&#x62A;&#x627;&#x644;&#x64A;&#x641; &#x627;&#x64A;&#x645;&#x627;&#x646;&#x64A;&#x648;&#x64A;&#x644; &#x62C;&#x648;&#x628;&#x64A;&#x648; &#x61B; &#x62A;&#x631;&#x62C;&#x645;&#x629; &#x645;&#x62C;&#x62F;&#x649; &#x635;&#x627;&#x628;&#x631; </subfield>
  </datafield>
  <datafield tag="250" ind1=" " ind2=" ">
    <subfield code="a">&#x637;1</subfield>
  </datafield>
  <datafield tag="260" ind1=" " ind2=" ">
    <subfield code="a">&#x627;&#x644;&#x642;&#x627;&#x647;&#x631;&#x629; : </subfield>
    <subfield code="b">&#x645;&#x62C;&#x645;&#x648;&#x639;&#x629; &#x627;&#x644;&#x646;&#x64A;&#x644; &#x627;&#x644;&#x639;&#x631;&#x628;&#x64A;&#x629; &#x60C;</subfield>
    <subfield code="c">2013 .</subfield>
  </datafield>
  <datafield tag="300" ind1=" " ind2=" ">
    <subfield code="a">232 &#x635; &#x61B;</subfield>
    <subfield code="c">24 &#x633;&#x645; .</subfield>
  </datafield>
  <datafield tag="650" ind1="0" ind2="4">
    <subfield code="a">&#x627;&#x644;&#x642;&#x64A;&#x627;&#x62F;&#x629; &#x627;&#x644;&#x627;&#x62F;&#x627;&#x631;&#x64A;&#x629;</subfield>
  </datafield>
  <datafield tag="650" ind1="0" ind2="4">
    <subfield code="a">&#x627;&#x644;&#x642;&#x627;&#x62F;&#x629; &#x627;&#x644;&#x627;&#x62F;&#x627;&#x631;&#x64A;&#x648;&#x646;</subfield>
  </datafield>
  <datafield tag="650" ind1="0" ind2="4">
    <subfield code="a">&#x627;&#x644;&#x645;&#x646;&#x627;&#x642;&#x634;&#x627;&#x62A; </subfield>
  </datafield>
  <datafield tag="700" ind1="0" ind2=" ">
    <subfield code="a">&#x645;&#x62C;&#x62F;&#x649; &#x635;&#x627;&#x628;&#x631;</subfield>
    <subfield code="e">&#x645;&#x62A;&#x631;&#x62C;&#x645;</subfield>
  </datafield>
  <datafield tag="942" ind1=" " ind2=" ">
    <subfield code="2">ddc</subfield>
    <subfield code="c">BK</subfield>
  </datafield>
  <datafield tag="999" ind1=" " ind2=" ">
    <subfield code="c">61987</subfield>
    <subfield code="d">61987</subfield>
  </datafield>
  <datafield tag="952" ind1=" " ind2=" ">
    <subfield code="0">0</subfield>
    <subfield code="1">0</subfield>
    <subfield code="4">0</subfield>
    <subfield code="7">0</subfield>
    <subfield code="a">CAI</subfield>
    <subfield code="b">CAI</subfield>
    <subfield code="d">2016-03-03</subfield>
    <subfield code="l">0</subfield>
    <subfield code="o">658.4092\ &#x62C; &#x625;</subfield>
    <subfield code="p">161457</subfield>
    <subfield code="r">2016-03-03 00:00:00</subfield>
    <subfield code="w">2016-03-03</subfield>
    <subfield code="y">BK</subfield>
  </datafield>
</record>
